000 00443nam a2200169 a 4500
001 9600
005 20180713193617.0
008 140415s1983 000 0 spa d
041 _aspa
082 _a070.43
_bMAC
100 1 _aMACDOUGALL, CURTIS D.
245 1 0 _aREPORTAJE INTERPRETATIVO
260 _a[s.l.] :
_bDIANA,
_c1983
300 _a606
650 1 4 _aPERIODISMO
_xREPORTAJES
700 1 _aMOLINA GARCIA, ENRIQUE
_etr.
999 _c9600
_d9600